भ्रमरगीत सार / (Record no. 11716)

MARC details
000 -LEADER
fixed length control field 01089 a2200217 4500
005 - DATE AND TIME OF LATEST TRANSACTION
control field 20080826123643.0
008 - FIXED-LENGTH DATA ELEMENTS--GENERAL INFORMATION
fixed length control field 080826t xxu||||| |||| 00| 0 hin d
010 ## - LIBRARY OF CONGRESS CONTROL NUMBER
LC control number HIN-83121
020 ## - INTERNATIONAL STANDARD BOOK NUMBER
Terms of availability 60.00
035 ## - SYSTEM CONTROL NUMBER
System control number HN-55467
037 ## - SOURCE OF ACQUISITION
Source of stock number/acquisition पु.प्र.अ.प्र/प्रका
082 ## - DEWEY DECIMAL CLASSIFICATION NUMBER
Classification number 821.08
245 ## - TITLE STATEMENT
Title भ्रमरगीत सार /
Statement of responsibility, etc रामचन्द्र शुक्ल द्वारा संपादित
246 ## - VARYING FORM OF TITLE
Title proper/short title Bramargeet saar
Remainder of title edited by Ramchandra Shukla
260 ## - PUBLICATION, DISTRIBUTION, ETC. (IMPRINT)
Place of publication, distribution, etc इलाहाबाद
Name of publisher, distributor, etc लोक भारती
Date of publication, distribution, etc 2007
270 ## - ADDRESS
Address 15-ए, महात्मा गाँधी मार्ग
City इलाहाबाद
Postal code 211001
300 ## - PHYSICAL DESCRIPTION
Extent 180पृ
Dimensions 22 सेमी (अजिल्द)
700 ## - ADDED ENTRY--PERSONAL NAME
Personal name शुक्ल, रामचन्द्र
942 ## - ADDED ENTRY ELEMENTS (KOHA)
Institution code [OBSOLETE] dpl
Koha item type Hindi Books
Call number prefix 821.08 / भ्रमर
Source of classification or shelving scheme Dewey Decimal Classification
Classification part 821.08
Call number suffix भ्रमर
Holdings
Withdrawn status Lost status Damaged status Not for loan Home library Current library Date acquired Cost, normal purchase price Total Checkouts Full call number Barcode Date last seen Copy number Uniform Resource Identifier Cost, replacement price Price effective from Koha item type
        D.B.Act.Division D.B.Act.Division   60.00   821.08 भ्रमर HN-55467 15/09/2008 1 12831 60.00 15/09/2008 Hindi Books

© Delhi Public Library
Hit Counter
free hit counter